=LDR 00000nam 2200000 4500 =001 INLIS000000000018236 =005 20130612113422 =008 ***********************************Ind** =035 ##$$0010-061300000018236 =041 ##$$a Ind =082 ##$$a 641.5 =090 ##$$a 641.5, End m =100 ##$$a Endang S =245 ##$$a Masakan khas nasi dalam dan mancanegara, Endang S =260 ##$$a 1997 $b Solo =300 ##$$a 94 hlm, ilus, 21 cm =650 ##$$a Masakan =850 ##$$a NBPNMAT